| 000 | 00652nam a2200181 4500 | ||
|---|---|---|---|
| 001 | 121668 | ||
| 003 | ES-MaACL | ||
| 007 | t| | ||
| 008 | 070214s1980 sp r ||||1| spa d | ||
| 100 | 1 |
_aPortela Silva, Ermelindo. _993214 |
|
| 245 | 1 | 3 |
_aLa colonización cisterciense en Galicia _b: (1142-1250) / _cErmelindo Portela Silva. |
| 260 |
_aMadrid : _bFundación Juan March, _c1980. |
||
| 300 |
_a53 p. ; _c21 cm. |
||
| 490 | 1 |
_aPublicaciones de la fundación Juan March. Serie universitaria ; _v133 |
|
| 830 | 0 | 0 |
_aPublicaciones de la Fundación Juan March _v133 _9233016 |
| 852 |
_aES-MaACL _jL-510 _bR.100973 |
||
| 999 |
_c121668 _d121668 |
||